Fernando murió / Aurelio Alonso

El texto "Fernando murió" escrito por Aurelio Alonso aborda la temática de la muerte de Fernando, un personaje cuya vida y lucha representan la lucha de los pueblos oprimidos de América Latina. A través de la narrativa, el autor explora la significativa influencia de Fernando en la comunid...

Descripción completa

Guardado en:
Detalles Bibliográficos
Autor principal: Alonso, Aurelio
Formato: Libro
Lenguaje:Spanish
Materias:
Etiquetas: Agregar Etiqueta
Sin Etiquetas, Sea el primero en etiquetar este registro!

MARC

LEADER 00000nam a22000007a 4500
003 cru CIDCACS/IIS
005 20230912150357.0
007 ta
008 180914s2016 cu |||p|r|||| 00| 0 spa d
040 |c cru CIDCACS/IIS 
100 1 |9 7703  |a Alonso, Aurelio 
245 1 |a Fernando murió /  |b Aurelio Alonso 
300 |a páginas 114-117 
520 |a El texto "Fernando murió" escrito por Aurelio Alonso aborda la temática de la muerte de Fernando, un personaje cuya vida y lucha representan la lucha de los pueblos oprimidos de América Latina. A través de la narrativa, el autor explora la significativa influencia de Fernando en la comunidad y cómo su muerte impacta a quienes lo conocieron. El relato reflexiona sobre la persistencia de la lucha y la resistencia incluso después de la partida de líderes y activistas, y destaca la importancia de mantener viva su memoria y continuar la lucha por la justicia social. RAR 09/2023 
650 0 |2 OCDE  |9 3282  |a MUERTE 
650 0 |2 OCDE  |9 7667  |a LUCHA 
650 0 |2 OCDE  |9 5366  |a MEMORIA 
650 0 |2 OCDE  |9 2130  |a JUSTICIA SOCIAL 
650 0 |2 UNESCO   |9 4115  |a LIDERAZGO 
650 0 |2 OCDE  |9 5208  |a RESISTENCIA POPULAR 
773 0 |0 19037  |9 2291  |a Casa de las Américas  |d Cuba Casa de las Américas  |o 18748  |t Casa de las Américas / 
942 |2 ddc  |c PP 
999 |c 41687  |d 41687